Welcome to CU Library Online Public Access Catalogue (OPAC)

New perspectives on Microsoft Access 2002 : (Record no. 938)

MARC details
000 -LEADER
fixed length control field 01002cam a22002417a 4500
001 - CONTROL NUMBER
control field 13754421
005 - DATE AND TIME OF LATEST TRANSACTION
control field 20241108175736.0
008 - FIXED-LENGTH DATA ELEMENTS--GENERAL INFORMATION
fixed length control field 041019s2002 at a 001 0 eng
020 ## - INTERNATIONAL STANDARD BOOK NUMBER
International Standard Book Number 9780619020897
050 00 - LIBRARY OF CONGRESS CALL NUMBER
Classification number QA76.9.D3
Item number A33933 2002
082 00 - DEWEY DECIMAL CLASSIFICATION NUMBER
Classification number 005.75/65
Edition information 22
100 1# - MAIN ENTRY--PERSONAL NAME
Personal name Adamski, Joseph J.,
Dates associated with a name 1945-
245 10 - TITLE STATEMENT
Title New perspectives on Microsoft Access 2002 :
Remainder of title comprehensive /
Statement of responsibility, etc. Joe Adamski, Kathleen T. Finnegan.
260 ## - PUBLICATION, DISTRIBUTION, ETC.
Place of publication, distribution, etc. Australia ;
-- United States :
Name of publisher, distributor, etc. Course Technology,
Date of publication, distribution, etc. 2002.
300 ## - PHYSICAL DESCRIPTION
Extent 1 v. (various pagings) :
Other physical details col. ill. ;
Dimensions 28 cm.
500 ## - GENERAL NOTE
General note Includes index.
650 #0 - SUBJECT ADDED ENTRY--TOPICAL TERM
Topical term or geographic name entry element Database management.
700 1# - ADDED ENTRY--PERSONAL NAME
Personal name Finnegan, Kathleen T.
856 42 - ELECTRONIC LOCATION AND ACCESS
Materials specified Publisher description
Uniform Resource Identifier <a href="http://www.loc.gov/catdir/enhancements/fy1215/2004303485-d.html">http://www.loc.gov/catdir/enhancements/fy1215/2004303485-d.html</a>
856 41 - ELECTRONIC LOCATION AND ACCESS
Materials specified Table of contents only
Uniform Resource Identifier <a href="http://www.loc.gov/catdir/enhancements/fy1215/2004303485-t.html">http://www.loc.gov/catdir/enhancements/fy1215/2004303485-t.html</a>
856 42 - ELECTRONIC LOCATION AND ACCESS
Materials specified Contributor biographical information
Uniform Resource Identifier <a href="http://www.loc.gov/catdir/enhancements/fy1302/2004303485-b.html">http://www.loc.gov/catdir/enhancements/fy1302/2004303485-b.html</a>
942 ## - ADDED ENTRY ELEMENTS (KOHA)
Source of classification or shelving scheme Library of Congress Classification
Koha item type Books
Suppress in OPAC No
999 ## -
-- 938
-- 938
Holdings
Withdrawn status Lost status Source of classification or shelving scheme Damaged status Not for loan Collection Home library Current library Shelving location Date acquired Total checkouts Full call number Barcode Date last seen Copy number Price effective from Koha item type
    Library of Congress Classification     Non-fiction Science Library (Miotso) Science Library (Miotso) General stacks 11/08/2024   QA76.9 .D3 ADA SLM00000535 11/08/2024 1 11/08/2024 Books
© 2023-2024 Copyright: Central University Libraries. All Rights Reserved | Created by: Mahone Tech Office